000 01194nam a2200229Ia 4500
001 L922-42300
003 IT-CnALBA
008 170116s9999||||xx |||||||||||||| ||und||
040 _aIT-CnALBA
_cIT-CnALBA
041 _aITALIANO
100 _aVIVIANI ALBERTO
245 0 _aPAPINI ANEDDOTICO.
250 _a1a ed.
260 _a GE RO BO MO
_bFORMIGGINI A. F., EDIT.
_c1936 [1° Ed.:1936 - Ed.Ling.Originale: 1936]
300 _a180 p.
500 _aPAPINI CORROSIVO. IL POETA. DINO CAMPANA E IL GIOVEDÌ SANTO. GARGANELLO MISTERIOSO. GITA A MONZA. COMMEMORAZIONE DI A. RIGHI. IL MIRACOLO DI PAPINI. IL PROFESSOR PANZINI. E LUDWIG. AVVENTURE AUTOMOBILISTICHE. E LA MEDAGLIA. VILLEGGIATURE. MESTIERI VARI. G
501 _aSocietà San Paolo EM - Piazza San Paolo, 14 - 12051 ALBA (CN) (non commercial uses only) ® Copyright 2017
520 _aPAPINI CORROSIVO. IL POETA. DINO CAMPANA E IL GIOVEDÌ SANTO. GARGANELLO MISTERIOSO. GITA A MONZA. COMMEMORAZIONE DI A. RIGHI. IL MIRACOLO DI PAPINI. IL PROFESSOR PANZINI. E LUDWIG. AVVENTURE AUTOMOBILISTICHE. E LA MEDAGLIA. VILLEGGIATURE. MESTIERI VARI. G
650 _aBIOGRAFIE, UOMINI ILLUSTRI
942 _cBK
957 _71
999 _a47694
_bSI
_g Copie: 1
_c301269
_d301269